00712nam a2200241 a 4500001001300000003000900013005001700022008004100039020001000080082001300090100002200103245006200125260003700187300000900224500003500233505001500268650001200283700002200295902000800317942000700325952012500332999001300457nice12345678IN_TiNIC20260116011336.0050524s1962 newa grp 000 0 eng  ac18400a296bHER aHertzberg, Arthur aJudaismb Unity of the Jewish Spisrit Throughout the Ages aNew YorkbGeorge Brazillerc1962 a256p aincludes index and biblioraphy2 areferences aJudaism1 aHertzberg, Arthur bSRS cBK 001040708StackRoom-aHMIbHMId2007-07-26g184.00l5o296 HERp02782r2025-09-26s2025-08-26v184.00w2005-05-24yBK c667d667